[Event "Barcelona La Lira op 12th"]
[Site "Barcelona"]
[Date "2019.05.30"]
[Round "8"]
[White "Perez Pastora, Evaristo"]
[Black "Salvo Garcia, Roger"]
[Result "1-0"]
[WhiteElo "2052"]
[BlackElo "2061"]
[PlyCount "101"]
[EventDate "2019.04.04"]
[EventType "swiss"]
[EventRounds "9"]
[EventCountry "ESP"]
[SourceTitle "CBM 190 Extra"]
[Source "ChessBase"]
[SourceDate "2019.07.15"]
[SourceVersion "1"]
[SourceVersionDate "2019.07.15"]
[SourceQuality "1"]

1. e4 e5 2. Nf3 Nc6 3. Bb5 a6 4. Ba4 Nf6 5. d4 exd4 6. 0-0 Be7 7. e5 Ne4 8. Nxd4 0-0 9. Bf4 Nxd4 10. Qxd4 Nc5 11. Bg3 Nxa4 12. Qxa4 d5 13. exd6 Bxd6 14. Rd1 Bd7 15. Qb3 Bxg3 16. Qxg3 Qf6 17. Nc3 Bc6 18. Qxc7 Qg6 19. Nd5 Qxc2 20. b3 Kh8 21. Nb4 Qe4 22. Nxc6 Rac8 23. Qxb7 Qxc6 24. Qxc6 Rxc6 25. Rac1 Re6 26. Kf1 g6 27. g3 Kg7 28. Rd7 Rfe8 29. Rcd1 Rc8 30. R1d3 Rf6 31. R7d6 Rf5 32. R3d5 Rxd5 33. Rxd5 Rc2 34. Ra5 Rc6 35. b4 Kf6 36. h4 h5 37. a3 Ke7 38. Ke2 Rd6 39. Rc5 Kd7 40. Ke3 Rf6 41. f4 Re6+ 42. Kd4 f5 43. Re5 Rf6 44. a4 Rb6 45. b5 axb5 46. axb5 Rb8 47. Kc5 Rc8+ 48. Kb4 Rc1 49. Rd5+ Ke6 50. Rd3 Ra1 51. b6 1-0

[Event "Catalunya-ch Seniors 34th"]
[Site "Lloret del Mar"]
[Date "2018.05.26"]
[Round "8"]
[White "Vallbona Domingo, Joan"]
[Black "Salvo Garcia, Roger"]
[Result "1/2-1/2"]
[WhiteElo "2011"]
[BlackElo "2083"]
[PlyCount "104"]
[EventDate "2018.05.19"]
[EventType "swiss"]
[EventRounds "9"]
[EventCountry "ESP"]
[SourceTitle "CBM 184 Extra"]
[Source "ChessBase"]
[SourceDate "2018.06.28"]
[SourceVersion "1"]
[SourceVersionDate "2018.06.28"]
[SourceQuality "1"]

1. c4 e6 2. Nc3 d5 3. e3 c5 4. cxd5 exd5 5. d4 Nf6 6. Nf3 Nc6 7. Be2 c4 8. Ne5 Bb4 9. Qa4 Bd7 10. Nxd7 Qxd7 11. Bd2 0-0 12. b3 cxb3 13. Qxb3 a6 14. 0-0 Rfe8 15. a3 Ba5 16. Bf3 Bxc3 17. Bxc3 Ne4 18. Rfc1 b5 19. Be1 Rac8 20. Rc2 Nf6 21. Rac1 Na7 22. h3 Rxc2 23. Rxc2 Rc8 24. Rxc8+ Nxc8 25. Bb4 Na7 26. Qc3 Qc6 27. Qc5 Qxc5 28. Bxc5 Nc6 29. Kf1 Nb8 30. Ke1 Ne4 31. Bxe4 dxe4 32. Kd2 f5 33. Bb6 Kf7 34. d5 Nd7 35. Bc7 g5 36. f3 f4 37. Bd6 exf3 38. gxf3 fxe3+ 39. Kxe3 Kf6 40. Ke4 Kg6 41. Be7 h6 42. f4 gxf4 43. Kxf4 a5 44. Ke4 Kf7 45. Bd8 b4 46. axb4 axb4 47. Kd4 Nf6 48. Ba5 b3 49. Bc3 Nd7 50. Bb2 Nb6 51. Kc3 Nxd5+ 52. Kxb3 Nf4 1/2-1/2

[Event "Barcelona-ch prel Veterans"]
[Site "Barcelona"]
[Date "2017.10.17"]
[Round "1.4"]
[White "Garcia Guardiola, Joan"]
[Black "Salvo Garcia, Roger"]
[Result "0-1"]
[WhiteElo "1674"]
[BlackElo "2084"]
[PlyCount "88"]
[EventDate "2017.10.17"]
[EventType "swiss"]
[EventRounds "8"]
[EventCountry "ESP"]
[SourceTitle "EXT 2024"]
[Source "ChessBase"]
[SourceDate "2023.10.10"]
[SourceVersion "1"]
[SourceVersionDate "2023.10.10"]
[SourceQuality "1"]

1. e4 e5 2. Nf3 Nc6 3. Bb5 a6 4. Ba4 Nf6 5. 0-0 b5 6. Bb3 Bb7 7. Re1 Bc5 8. c3 d6 9. d4 Bb6 10. d5 Ne7 11. Bg5 Ng6 12. h3 0-0 13. Nbd2 h6 14. Be3 c6 15. Bxb6 Qxb6 16. c4 Nd7 17. cxb5 axb5 18. a4 cxd5 19. Bxd5 Bxd5 20. exd5 Nf4 21. Ne4 Nc5 22. a5 Rxa5 23. Rxa5 Qxa5 24. Nxd6 Rd8 25. Nf5 Qc7 26. Rxe5 Ncd3 27. Re7 Qc5 28. Re3 Nxb2 29. Qd2 Nc4 30. Qc3 Qf8 31. Ne7+ Kh8 32. Re4 Nxd5 33. Rg4 Nxe7 34. Nd4 Ng6 35. Nxb5 Rd1+ 36. Kh2 Nd2 37. h4 Qb8+ 38. g3 Qxb5 39. Rb4 Qf1 40. Rb8+ Kh7 41. Qc6 Qxf2+ 42. Kh3 Qf5+ 43. Kh2 Nf3+ 44. Kg2 Rd2+ 0-1

[Event "Sant Adria de Besos op 09th"]
[Site "Sant Adria de Besos"]
[Date "2013.05.05"]
[Round "4"]
[White "Salvo Garcia, Roger"]
[Black "Fabregas Fernandez, Bernat"]
[Result "1/2-1/2"]
[WhiteElo "2079"]
[BlackElo "2153"]
[PlyCount "58"]
[EventDate "2013.04.14"]
[EventType "swiss"]
[EventRounds "9"]
[EventCountry "ESP"]
[SourceTitle "EXT 2015"]
[Source "ChessBase"]
[SourceDate "2014.11.20"]
[SourceVersion "1"]
[SourceVersionDate "2014.11.20"]
[SourceQuality "1"]

1. d4 Nf6 2. c4 e6 3. g3 d5 4. Bg2 Be7 5. Nf3 0-0 6. 0-0 dxc4 7. Ne5 Nc6 8. Nxc6 bxc6 9. Bxc6 Rb8 10. Bg2 c5 11. dxc5 Qxd1 12. Rxd1 Bxc5 13. Nc3 Be7 14. Rb1 a5 15. Bf4 Rb6 16. Bc7 Ra6 17. Rd4 Ne8 18. Rxc4 Nxc7 19. Rxc7 Bd6 20. Rxc8 Rxc8 21. Bb7 Rxc3 22. Bxa6 Rc6 23. Bd3 g6 24. e3 Be5 25. Kf1 Kf8 26. Ke2 Ke7 27. b3 Bd6 28. Rd1 Ba3 29. Bc4 Rd6 1/2-1/2

[Event "Barcelona Tancat-B 3rd"]
[Site "Barcelona"]
[Date "2011.11.12"]
[Round "7"]
[White "Salvo Garcia, Roger"]
[Black "Castillo, Sergio"]
[Result "1/2-1/2"]
[WhiteElo "2131"]
[BlackElo "2136"]
[PlyCount "81"]
[EventDate "2011.10.01"]
[EventType "tourn"]
[EventRounds "9"]
[EventCountry "ESP"]
[SourceTitle "EXT 2013"]
[Source "ChessBase"]
[SourceDate "2012.11.22"]
[SourceVersion "1"]
[SourceVersionDate "2012.11.22"]
[SourceQuality "1"]

1. d4 d5 2. c4 c6 3. Nf3 Nf6 4. e3 Bg4 5. Qb3 Qb6 6. Nc3 e6 7. Nh4 Nbd7 8. h3 Bh5 9. g4 Bg6 10. Nxg6 hxg6 11. g5 Nh5 12. c5 Qc7 13. Bd2 e5 14. 0-0-0 Be7 15. h4 b6 16. cxb6 axb6 17. Kb1 0-0 18. Rc1 Qd6 19. Ne2 c5 20. Bh3 exd4 21. exd4 Rfd8 22. Bg2 Nf8 23. Nc3 c4 24. Qd1 Ra5 25. Qe2 Ne6 26. Qe5 Qd7 27. Bh3 Bd6 28. Bxe6 fxe6 29. Qe2 Rda8 30. a3 Bf4 31. Rc2 b5 32. Na2 Bxd2 33. Qxd2 Qd6 34. Re1 Nf4 35. Nb4 Ra4 36. Re5 Rf8 37. Rc3 Rxb4 38. axb4 Qxb4 39. Qc2 Nd3 40. Re2 Qd6 41. Rxd3 1/2-1/2

[Event "Barcelona Tancat Sant Marti 2nd"]
[Site "Barcelona"]
[Date "2010.10.02"]
[Round "1"]
[White "Salvo Garcia, Roger"]
[Black "Carrasco Rodriguez, Jesus"]
[Result "0-1"]
[WhiteElo "2128"]
[BlackElo "2181"]
[PlyCount "74"]
[EventDate "2010.10.02"]
[EventType "tourn"]
[EventRounds "9"]
[EventCountry "ESP"]
[SourceTitle "EXT 2024"]
[Source "ChessBase"]
[SourceDate "2023.10.10"]
[SourceVersion "1"]
[SourceVersionDate "2023.10.10"]
[SourceQuality "1"]

1. d4 d5 2. c4 e6 3. Nf3 c6 4. g3 Nf6 5. Bg2 Nbd7 6. 0-0 Be7 7. Qc2 0-0 8. Rd1 Ne4 9. b3 f5 10. Ne1 e5 11. cxd5 cxd5 12. Bb2 Qb6 13. Nc3 Nxc3 14. Qxc3 e4 15. f4 Qh6 16. Nc2 Qh5 17. e3 Nf6 18. Ba3 Bxa3 19. Nxa3 g5 20. Qd2 Kh8 21. Nc2 Bd7 22. Bf1 Rg8 23. Qg2 Rac8 24. Rd2 Rc3 25. Re1 Qh6 26. Qh3 Qf8 27. Qg2 Qd6 28. Kh1 Qc7 29. Qe2 Rc8 30. Na3 Ng4 31. fxg5 Rxe3 32. Qd1 Rxe1 33. Qxe1 Qc1 34. Qxc1 Rxc1 35. Kg1 Ne3 36. Rf2 f4 37. Rxf4 Bh3 0-1

[Event "Barcelona Sant Marti op 10th"]
[Site "Barcelona"]
[Date "2008.09.09"]
[Round "8"]
[White "Salvo Garcia, Roger"]
[Black "Beltran Rueda, Santiago"]
[Result "0-1"]
[WhiteElo "2131"]
[BlackElo "2436"]
[PlyCount "62"]
[EventDate "2008.09.01"]
[EventType "swiss"]
[EventRounds "9"]
[EventCountry "ESP"]
[SourceTitle "EXT 2009"]
[Source "ChessBase"]
[SourceDate "2008.11.26"]
[SourceVersion "1"]
[SourceVersionDate "2008.11.26"]
[SourceQuality "1"]

1. d4 d5 2. c4 c6 3. Nf3 Nf6 4. Qc2 e6 5. g3 dxc4 6. Qxc4 b5 7. Qc2 Bb7 8. Bg2 Nbd7 9. 0-0 c5 10. Nbd2 Rc8 11. Qd1 cxd4 12. Nxd4 Bxg2 13. Kxg2 Qb6 14. N4f3 Be7 15. Nb3 0-0 16. Be3 Qb7 17. Qd4 Nb6 18. Rac1 Rcd8 19. Qe5 Nc4 20. Na5 Nxa5 21. Rc7 Qd5 22. Rxe7 Nc4 23. Qf4 e5 24. Qh4 Nxe3+ 25. fxe3 Rfe8 26. Rxe8+ Rxe8 27. b3 Qc5 28. Ng5 Qc6+ 29. Kg1 h6 30. Nf3 Qc5 31. Rd1 Qxe3+ 0-1

[Event "Barcelona Sant Marti op 10th"]
[Site "Barcelona"]
[Date "2008.09.07"]
[Round "6"]
[White "Salvo Garcia, Roger"]
[Black "Riera Danes, Manel"]
[Result "1/2-1/2"]
[WhiteElo "2131"]
[BlackElo "2089"]
[PlyCount "53"]
[EventDate "2008.09.01"]
[EventType "swiss"]
[EventRounds "9"]
[EventCountry "ESP"]
[SourceTitle "EXT 2009"]
[Source "ChessBase"]
[SourceDate "2008.11.26"]
[SourceVersion "1"]
[SourceVersionDate "2008.11.26"]
[SourceQuality "1"]

1. d4 d5 2. c4 c6 3. Nf3 Nf6 4. Qc2 e6 5. g3 Be7 6. Bg2 0-0 7. 0-0 Ne4 8. b3 a5 9. Bb2 f5 10. Ne5 Bd7 11. f3 Nf6 12. Nd2 Be8 13. e4 Bg6 14. Rac1 Na6 15. a3 Nd7 16. Nxg6 hxg6 17. cxd5 cxd5 18. exd5 exd5 19. Qd3 Qb6 20. Rfe1 Rae8 21. Re2 Bd6 22. f4 Nf6 23. Nf3 Ne4 24. Rec2 Nc7 25. Bf1 Rd8 26. Kg2 Ne6 27. Qb5 1/2-1/2

[Event "Barcelona Sant Marti op 10th"]
[Site "Barcelona"]
[Date "2008.09.05"]
[Round "5"]
[White "Tarrago Domingo, Miguel"]
[Black "Salvo Garcia, Roger"]
[Result "1/2-1/2"]
[WhiteElo "2050"]
[BlackElo "2131"]
[PlyCount "53"]
[EventDate "2008.09.01"]
[EventType "swiss"]
[EventRounds "9"]
[EventCountry "ESP"]
[SourceTitle "EXT 2009"]
[Source "ChessBase"]
[SourceDate "2008.11.26"]
[SourceVersion "1"]
[SourceVersionDate "2008.11.26"]
[SourceQuality "1"]

1. Nf3 g6 2. g3 Bg7 3. Bg2 e5 4. e4 d6 5. d4 Nd7 6. dxe5 Nxe5 7. Nxe5 Bxe5 8. f4 Bg7 9. Nc3 Nf6 10. 0-0 0-0 11. Re1 c6 12. Be3 Qc7 13. Kh1 Be6 14. Qd2 d5 15. exd5 Rfd8 16. Bd4 Nxd5 17. Bxg7 Kxg7 18. Nxd5 Bxd5 19. Qc3+ Kg8 20. Bxd5 Rxd5 21. Rad1 Qd6 22. Qf3 Rd8 23. Rxd5 Qxd5 24. Qxd5 Rxd5 25. Re2 Kg7 26. Kg2 h5 27. Kf3 1/2-1/2

[Event "Barcelona Sant Marti op 10th"]
[Site "Barcelona"]
[Date "2008.09.01"]
[Round "1"]
[White "Lorente Munoz, Raul"]
[Black "Salvo Garcia, Roger"]
[Result "0-1"]
[WhiteElo "1956"]
[BlackElo "2131"]
[PlyCount "76"]
[EventDate "2008.09.01"]
[EventType "swiss"]
[EventRounds "9"]
[EventCountry "ESP"]
[SourceTitle "EXT 2009"]
[Source "ChessBase"]
[SourceDate "2008.11.26"]
[SourceVersion "1"]
[SourceVersionDate "2008.11.26"]
[SourceQuality "1"]

1. d4 g6 2. e4 Bg7 3. c4 d6 4. Nc3 Nc6 5. Be3 e5 6. Nge2 exd4 7. Nxd4 Nge7 8. Be2 0-0 9. 0-0 f5 10. exf5 Nxf5 11. Nxf5 Bxf5 12. Rc1 Kh8 13. Qd2 Qf6 14. a3 Nd4 15. Bd1 c6 16. h4 Rae8 17. b4 Bd7 18. a4 Nf5 19. Bxa7 Bh6 20. f4 Qxh4 21. Ne2 Rxe2 22. Bxe2 Ng3 23. Bd4+ Kg8 24. Be3 Qh1+ 25. Kf2 Ne4+ 26. Ke1 Qh4+ 27. Bf2 Nxd2 28. Bxh4 Nxf1 29. Bxf1 Rxf4 30. Bg3 Rxf1+ 31. Kxf1 Bxc1 32. Bxd6 Kf7 33. b5 Ke6 34. Bc5 cxb5 35. axb5 Ke5 36. Ke2 Ke4 37. Bd6 Be3 38. Bc7 Be6 0-1

[Event "Barcelona op"]
[Site "Barcelona"]
[Date "2002.10.11"]
[Round "2"]
[White "Salvo Garcia, Roger"]
[Black "Cortes Ventura, Joaquim"]
[Result "1/2-1/2"]
[WhiteElo "2185"]
[BlackElo "2125"]
[PlyCount "79"]
[EventDate "2002.10.14"]
[EventType "swiss"]
[EventRounds "8"]
[EventCountry "ESP"]
[SourceTitle "EXT 2004"]
[Source "ChessBase"]
[SourceDate "2003.11.25"]
[SourceVersion "1"]
[SourceVersionDate "2003.11.25"]
[SourceQuality "1"]

1. d4 Nf6 2. c4 g6 3. Nc3 d5 4. Bf4 c6 5. e3 Bg7 6. h3 0-0 7. Nf3 Nbd7 8. Be2 dxc4 9. Bxc4 Nb6 10. Bd3 Be6 11. 0-0 Nfd5 12. Be5 f6 13. Bg3 Nxc3 14. bxc3 Qe8 15. a4 Qf7 16. a5 Nc4 17. Qc2 b5 18. axb6 axb6 19. Nd2 b5 20. Ne4 Ra3 21. Rxa3 Nxa3 22. Qb2 Nc4 23. Qa1 Bd5 24. Nc5 f5 25. Rd1 g5 26. e4 fxe4 27. Bxe4 Bxe4 28. Nxe4 Qd5 29. Re1 h5 30. Qc1 g4 31. hxg4 hxg4 32. Qg5 Qxg5 33. Nxg5 Bh6 34. Re6 Rf6 35. Rxf6 exf6 36. Ne4 Kf7 37. Nd6+ Ke6 38. Nxc4 bxc4 39. Bc7 Kd5 40. Kf1 1/2-1/2